University Home | Library Home | Institutional Repository

Start seeing diversity: (Record no. 123380)

MARC details
000 -LEADER
fixed length control field 00542cam a2200169 4500
008 - FIXED-LENGTH DATA ELEMENTS--GENERAL INFORMATION
fixed length control field 151005n 000 0 eng u
020 ## - INTERNATIONAL STANDARD BOOK NUMBER
International Standard Book Number 9781929610655
035 ## - SYSTEM CONTROL NUMBER
System control number (Sirsi) a192974
040 ## - CATALOGING SOURCE
Original cataloging agency CIP
050 ## - LIBRARY OF CONGRESS CALL NUMBER
Classification number LC 1099 WOL 2005
100 ## - MAIN ENTRY--PERSONAL NAME
Personal name Wolpert, Ellen
245 ## - TITLE STATEMENT
Title Start seeing diversity:
Remainder of title the basic guide to an anti-bias classroom/
Statement of responsibility, etc. Ellen Wolpert
260 ## - PUBLICATION, DISTRIBUTION, ETC.
Place of publication, distribution, etc. St. Paul, MN:
Name of publisher, distributor, etc. Red Leaf Press,
Date of publication, distribution, etc. 2005.
300 ## - PHYSICAL DESCRIPTION
Extent xiii, 143p.
504 ## - BIBLIOGRAPHY, ETC. NOTE
Bibliography, etc. note Includes bibliographical references and index
650 ## - SUBJECT ADDED ENTRY--TOPICAL TERM
Topical term or geographic name entry element Multicultural education
Holdings
Withdrawn status Lost status Source of classification or shelving scheme Damaged status Not for loan Home library Current library Shelving location Total Checkouts Full call number Barcode Date last seen Copy number Price effective from Koha item type
    Library of Congress Classification     Main Library Main Library On Shelf   LC 1099 WOL 2005 33729005310649 08/22/2019 1 08/22/2019 Book
    Library of Congress Classification     Main Library Main Library On Shelf   LC 1099 WOL 2005 33729005295824 08/22/2019 2 08/22/2019 Book
© 2026 - The University of Zambia Library - Koha v25.11